000 00757nam a2200205 i 4500
001 64213
003 ES-MaACL
005 20231122134433.0
007 t|
008 031222s1982 sp |||| | spa d
100 1 _aFlor Moya, Cecilio de la.
_951233
245 1 0 _aÁngel Ganivet y la teoría del conocimiento en la España de fin de siglo /
_cCecilio de la Flor Moya ; prólogo de Ignacio Henares Cuéllar.
260 _aGranada :
_bDiputación Provincial,
_c1982.
300 _a117 p. ;
_c22 cm.
600 1 4 _aGanivet, Ángel,
_d1865-1898-
_xCrítica e interpretación
_953866
651 4 _aEspaña-
_xVida intelectual-
_yS.XIX.
_9138445
700 1 _aHenares Cuéllar, Ignacio.
_962509
852 _aES-MaACL
_jL-3867
999 _c64213
_d64213